| 000 | 00952cam a2200289 a 4500 | ||
|---|---|---|---|
| 001 | 22359 | ||
| 003 | BD-RjUL | ||
| 005 | 20211209000810.0 | ||
| 008 | 140308r19901983ja 000 1 eng d | ||
| 020 | _a4770011091 | ||
| 020 | _z070116096 | ||
| 035 | _a(BD-RjUL) 22424 | ||
| 035 | _a27339 | ||
| 040 |
_aANL _beng _cANL _dBD-RjUL |
||
| 041 | 1 | _aengjpn | |
| 082 | 0 | 4 |
_a895.635 _bKAI 1990 |
| 100 | 1 |
_aKaiko, Takeshi, _d1930- _969026 |
|
| 245 | 1 | 0 |
_aInto a black sun / _cTakeshi Kaiko ; translated by Cecilia Segawa Seigle. |
| 250 | _a1st ed. | ||
| 260 |
_aTokyo ; _aNew York : _bKodansha International ; _aNew York : _bdistributed in the US by Kodansha International/USA through Harper & Row, _c1983. [Reprinted 1990] |
||
| 300 |
_a214 p. ; _c22 cm. |
||
| 500 | _aTranslation of Kagayakeru yami. | ||
| 650 | 0 |
_aVietnam War, 1961-1975 _vFiction. _969027 |
|
| 700 | 1 |
_aSeigle, Cecilia Segawa. _969028 |
|
| 942 |
_2ddc _cBK |
||
| 999 |
_c22359 _d22359 |
||